000 01912cam a22004814i 4500
003 PE-LiUPU
005 20250731184603.0
008 150616s1966 pe a r 000 0 d
020 _a8449948177
035 _a(Sirsi) i9788449948176
040 _aPE-LiUPU
_bspa
_cPE-LiUPU
_erda
049 _aPRUA
082 0 4 _a985
_bV297h
_223
100 1 _aVargas Ugarte, Rubén,
_d1886-1975,
_eautor.
245 1 0 _aHistoria general del Perú :
_bPostrimerías del poder español (1776-1815) /
_cRubén Vargas Ugarte.
250 _aTercera edición
264 1 _aLima :
_bMilla Batres,
_c1981.
300 _a353 páginas :
_bilustraciones ;
_c25 centímetros.
336 _atext
_2rdacontent
337 _aunmediated
_2rdamedia
338 _avolume
_2rdacarrier
505 0 _aGobierno del Virrey Guirior -- Gobierno de Jáuregui -- Gobierno de Teodoro de Croix -- Gobierno de Gil y Lemos -- Virreinato de O'Higgins -- Gobierno del marqués de Avilés -- Gobierno del Virrey Abascal -- Resumen sobre el siglo XVIII -- Primer período de la revolución -- La insurrección de los patriotas -- Batallas en el alto Perú.
526 _aP136
526 _aP135
526 _aP134
526 _aP133
526 _aP144
526 _aP143
526 _aP87
526 _aP35
526 _aP20
526 _aP14
526 _aP10
526 _aP06
651 0 _aPerú
_xHistoria
_yÉpoca colonial, 1776-1815.
_92271
910 _ajck
942 _2ddc
_cBK
_n0
949 _a985 V197h 5
_wDEWEY
_c1
_i23905
_lCCODEBUL1
_mBUL
_r0
_sY
_tBOOK
_u2015-4-23
_xEDUCACION
_0COMPRA
_o.STAFF. Colección General
949 _a985 V32 T5 1966
_wDEWEY
_c1
_iFJ12879
_lCCODEBUJ1
_mBUJ
_p30.00
_r0
_sY
_tBOOK
_u2019-05-02
_xEDUCACIÓN
_o.STAFF -- Colección General Juliaca
980 _81
_gALBERTO SANCHEZ Responsable de Automatización
999 _c56407
_d56407